| 000 | 01063nam a2200289Ia 4500 | ||
|---|---|---|---|
| 005 | 20170725114000.0 | ||
| 010 | _aBAC-EN21 ENG-112038 | ||
| 020 |
_a9788174369208 _c495.00 |
||
| 035 | _aEN-95570 | ||
| 035 | _aB-580752-765 | ||
| 035 | _aB-667342 | ||
| 037 |
_bAakar/Ven _adpl |
||
| 037 | _bDBAD/PUB | ||
| 082 | _a954.3 | ||
| 100 | _aMichell, George | ||
| 245 |
_aSouthern India : _cby George Michell _ba guide to monuments sites & museumes / |
||
| 260 |
_c2013 _aNew Delhi _bRoli Books |
||
| 270 |
_aM-75, Greater Kailash II Market _bNew Delhi _e110048 |
||
| 300 |
_c20cm(pbk) _a579p. : _bill.,maps |
||
| 500 | _aIncludes index | ||
| 650 |
_a Monuments _zIndia, South. |
||
| 650 |
_a Historic sites _zIndia, South. |
||
| 650 |
_a Museums _zIndia, South. |
||
| 942 |
_cEN _2ddc _mMIC _h954.3 |
||
| 999 |
_c88783 _d88783 |
||